Saisie rapide mots de 5 lettres - Aléatoire - Statistiques

Statistiques générales
  • Ce quiz a été pris 79 088 fois
  • Le résultat moyen est 11 sur 20
Statistiques - réponses
Mot a saisir Réponse % Correct
Faire Faire
59%
Débat Débat
58%
Haine Haine
58%
Rodéo Rodéo
58%
Vivre Vivre
58%
Aboie Aboie
57%
Alpin Alpin
57%
Amour Amour
57%
Casse Casse
57%
Chaud Chaud
57%
Chips Chips
57%
Fatal Fatal
57%
Geste Geste
57%
Jambe Jambe
57%
Jeter Jeter
57%
Jouer Jouer
57%
Laide Laide
57%
Mafia Mafia
57%
Océan Océan
57%
Patte Patte
57%
Quand Quand
57%
Sabre Sabre
57%
Suave Suave
57%
Utile Utile
57%
Vache Vache
57%
Vraie Vraie
57%
Abats Abats
56%
Abris Abris
56%
Acter Acter
56%
Ambre Ambre
56%
Bille Bille
56%
Dents Dents
56%
Drôle Drôle
56%
Etain Etain
56%
Faute Faute
56%
Gaine Gaine
56%
Galop Galop
56%
Hache Hache
56%
Halle Halle
56%
Haute Haute
56%
Igloo Igloo
56%
Image Image
56%
Issue Issue
56%
Jeton Jeton
56%
Juste Juste
56%
Kayak Kayak
56%
Kebab Kebab
56%
Lagon Lagon
56%
Laver Laver
56%
Lieux Lieux
56%
Mégot Mégot
56%
Mille Mille
56%
Ouest Ouest
56%
Prune Prune
56%
Quais Quais
56%
Quasi Quasi
56%
Ruche Ruche
56%
Sobre Sobre
56%
Temps Temps
56%
Tuner Tuner
56%
Barbu Barbu
55%
Beurk Beurk
55%
Borne Borne
55%
Capot Capot
55%
Deuil Deuil
55%
Élève Élève
55%
Eloge Eloge
55%
Facho Facho
55%
Fauve Fauve
55%
Gamma Gamma
55%
Hôtel Hôtel
55%
Kiwis Kiwis
55%
Nomme Nomme
55%
Noyée Noyée
55%
Nuque Nuque
55%
Olive Olive
55%
Pacte Pacte
55%
Palpe Palpe
55%
Pendu Pendu
55%
Quads Quads
55%
Raser Raser
55%
Sèche Sèche
55%
Tacos Tacos
55%
Tirer Tirer
55%
Tondu Tondu
55%
Unies Unies
55%
Urine Urine
55%
Vagin Vagin
55%
Végan Végan
55%
Wagon Wagon
55%
Watts Watts
55%
Xénon Xénon
55%
Zèbre Zèbre
55%
Zonée Zonée
55%
Bazar Bazar
54%
Bisou Bisou
54%
Celte Celte
54%
Douée Douée
54%
Embua Embua
54%
Encre Encre
54%
Icône Icône
54%
Items Items
54%
Karma Karma
54%
Limbo Limbo
54%
Mixte Mixte
54%
Muter Muter
54%
Nouée Nouée
54%
Obéit Obéit
54%
Ongle Ongle
54%
Rabot Rabot
54%
Ranch Ranch
54%
Ulule Ulule
54%
Youpi Youpi
54%
Zeste Zeste
54%
Zumba Zumba
54%
Gaule Gaule
53%
Nièce Nièce
53%
Wraps Wraps
53%
Xérès Xérès
53%
Sicle Sicle
52%
Yacht Yacht
51%
Aucun quiz correspondant
Distribution des résultats
% des personnes avec chaque résultat
Percentile par nombre de réponses
Votre historique - résultats
Vous n’avez pas pris ce quiz